[Event "Iran Chess Championship Semi Final 2015 "]
[Site "Rasht , Iran"]
[Date "2015.12.13"]
[Round "1"]
[Board "10"]
[White "Mahjoob Zardast, Morteza"]
[Black "Shah Moradi, Mohammad"]
[Result "1-0"]
[WhiteElo "2381"]
[BlackElo "2157"]
[PlyCount "0"]
[EventDate "2015.12.13"]
[EventRounds "9"]
[EventCountry "IRI"]

1. Nf3 {[%clk 1:30:42]} Nf6 {[%clk 1:30:45]} 2. d4 {[%clk 1:29:08]} g6
{[%clk 1:31:07]} 3. c4 {[%clk 1:25:32]} Bg7 {[%clk 1:31:30]} 4. Nc3
{[%clk 1:25:15]} d6 {[%clk 1:31:52]} 5. g3 {[%clk 1:24:44]} O-O {[%clk 1:32:10]}
6. Bg2 {[%clk 1:25:11]} Nc6 {[%clk 1:32:35]} 7. O-O {[%clk 1:25:22]} a6
{[%clk 1:32:58]} 8. Bf4 {[%clk 1:23:55]} Rb8 {[%clk 1:29:58]} 9. Rc1
{[%clk 1:12:07]} b5 {[%clk 1:18:28]} 10. cxb5 {[%clk 1:06:25]} axb5
{[%clk 1:14:56]} 11. d5 {[%clk 1:06:48]} e5 {[%clk 1:11:21]} 12. dxe6
{[%clk 0:54:36]} fxe6 {[%clk 0:49:14]} 13. Ng5 {[%clk 0:52:06]} Na5
{[%clk 0:28:46]} 14. b3 {[%clk 0:39:43]} b4 {[%clk 0:27:43]} 15. Na4
{[%clk 0:33:31]} h6 {[%clk 0:26:26]} 16. Ne4 {[%clk 0:33:24]} Nd5
{[%clk 0:24:24]} 17. Qc2 {[%clk 0:26:20]} Bd7 {[%clk 0:22:19]} 18. Bd2
{[%clk 0:25:30]} Bxa4 {[%clk 0:22:08]} 19. bxa4 {[%clk 0:25:53]} c5
{[%clk 0:22:24]} 20. Rcd1 {[%clk 0:21:53]} c4 {[%clk 0:20:27]} 21. Rb1
{[%clk 0:10:48]} Qe7 {[%clk 0:14:04]} 22. Qc1 {[%clk 0:06:59]} Kh7
{[%clk 0:13:40]} 23. Rd1 {[%clk 0:07:25]} c3 {[%clk 0:13:24]} 24. Be1
{[%clk 0:06:33]} Nc4 {[%clk 0:12:29]} 25. h4 {[%clk 0:05:15]} Nb2
{[%clk 0:09:31]} 26. h5 {[%clk 0:05:28]} Nxd1 {[%clk 0:09:03]} 27. hxg6+
{[%clk 0:05:48]} Kh8 {[%clk 0:09:22]} 28. Qxd1 {[%clk 0:06:16]} Rfc8
{[%clk 0:09:30]} 29. Rc1 {[%clk 0:05:42]} Rc4 {[%clk 0:09:00]} 30. e3
{[%clk 0:04:34]} Rbc8 {[%clk 0:09:15]} 31. Qd3 {[%clk 0:02:50]} c2
{[%clk 0:08:09]} 32. a5 {[%clk 0:02:58]} Bb2 {[%clk 0:07:44]} 33. Bd2
{[%clk 0:03:26]} Bxc1 {[%clk 0:05:21]} 34. Bxc1 {[%clk 0:03:55]} Qg7
{[%clk 0:04:54]} 35. Nxd6 {[%clk 0:02:59]} Qa1 {[%clk 0:04:22]} 36. Qd2
{[%clk 0:01:37]} Nc3 {[%clk 0:03:18]} 37. Kh2 {[%clk 0:01:14]} Qxc1
{[%clk 0:00:40]} 38. Qxc1 {[%clk 0:01:23]} Nxa2 {[%clk 0:00:46]} 39. Qb2+
{[%clk 0:01:47]} Rc3 {[%clk 0:01:12]} 40. Nxc8 {[%clk 0:00:44]} c1=Q
{[%clk 0:01:36]} 41. Qxa2 {[%clk 0:01:11]} Rxc8 {[%clk 0:01:02]} 42. Qxe6
{[%clk 0:01:32]} Qc3 {[%clk 0:01:14]} 43. Qd7 {[%clk 0:01:27]} Qc7
{[%clk 0:01:01]} 44. g7+ {[%clk 0:01:50]} 1-0

[Event "Iran Chess Championship Semi Final 2015 "]
[Site "Rasht , Iran"]
[Date "2015.12.13"]
[Round "1"]
[Board "11"]
[White "Mojaverian, Hossein"]
[Black "Noroozi, Omid"]
[Result "0-1"]
[WhiteElo "2151"]
[BlackElo "2380"]
[PlyCount "0"]
[EventDate "2015.12.13"]
[EventRounds "9"]
[EventCountry "IRI"]

1. e4 {[%clk 1:30:56]} c5 {[%clk 1:30:55]} 2. Nf3 {[%clk 1:31:16]} d6
{[%clk 1:31:20]} 3. d4 {[%clk 1:31:08]} cxd4 {[%clk 1:31:43]} 4. Nxd4
{[%clk 1:31:34]} Nf6 {[%clk 1:32:04]} 5. Nc3 {[%clk 1:31:54]} a6 {[%clk 1:32:29]}
6. Qf3 {[%clk 1:31:40]} g6 {[%clk 1:27:10]} 7. h3 {[%clk 1:27:38]} Bg7
{[%clk 1:27:31]} 8. Be3 {[%clk 1:28:00]} O-O {[%clk 1:23:40]} 9. O-O-O
{[%clk 1:27:58]} Qc7 {[%clk 1:23:49]} 10. g4 {[%clk 1:26:04]} e6 {[%clk 1:20:01]}
11. g5 {[%clk 1:11:50]} Nh5 {[%clk 1:17:32]} 12. Qg2 {[%clk 1:08:19]} Nc6
{[%clk 1:17:23]} 13. Qh2 {[%clk 1:05:29]} Rd8 {[%clk 1:06:33]} 14. f4
{[%clk 0:55:09]} b5 {[%clk 0:59:32]} 15. a3 {[%clk 0:40:48]} Bb7 {[%clk 0:56:59]}
16. Nde2 {[%clk 0:22:24]} b4 {[%clk 0:52:57]} 17. axb4 {[%clk 0:21:20]} Nxb4
{[%clk 0:53:25]} 18. Rd2 {[%clk 0:17:38]} Qa5 {[%clk 0:53:37]} 0-1

[Event "Iran Chess Championship Semi Final 2015 "]
[Site "Rasht , Iran"]
[Date "2015.12.13"]
[Round "1"]
[Board "12"]
[White "Firouzja, Alireza"]
[Black "Rostami, Rouzbeh"]
[Result "1-0"]
[WhiteElo "2372"]
[BlackElo "2150"]
[PlyCount "0"]
[EventDate "2015.12.13"]
[EventRounds "9"]
[EventCountry "IRI"]

1. Nf3 {[%clk 1:30:55]} Nf6 {[%clk 1:30:12]} 2. g3 {[%clk 1:31:14]} g6
{[%clk 1:30:37]} 3. b3 {[%clk 1:31:36]} Bg7 {[%clk 1:31:02]} 4. Bb2
{[%clk 1:32:00]} O-O {[%clk 1:31:27]} 5. Bg2 {[%clk 1:32:21]} d6 {[%clk 1:31:47]}
6. d4 {[%clk 1:32:44]} Nc6 {[%clk 1:32:11]} 7. O-O {[%clk 1:32:22]} e5
{[%clk 1:32:37]} 8. dxe5 {[%clk 1:32:38]} Nd7 {[%clk 1:33:02]} 9. c4
{[%clk 1:32:59]} dxe5 {[%clk 1:33:27]} 10. Qc1 {[%clk 1:29:33]} e4
{[%clk 1:28:14]} 11. Ne1 {[%clk 1:27:10]} Nd4 {[%clk 1:28:37]} 12. Nc3
{[%clk 1:27:21]} Nc5 {[%clk 0:56:03]} 13. Ba3 {[%clk 1:11:48]} Nde6
{[%clk 0:56:24]} 14. b4 {[%clk 0:59:47]} Nd7 {[%clk 0:56:04]} 15. Bxe4
{[%clk 0:50:27]} Ng5 {[%clk 0:56:23]} 16. Bg2 {[%clk 0:46:50]} Nb6
{[%clk 0:56:44]} 17. h4 {[%clk 0:34:06]} Nh3+ {[%clk 0:54:26]} 18. Kh2
{[%clk 0:34:26]} Nxc4 {[%clk 0:54:35]} 19. Nf3 {[%clk 0:33:45]} Nxf2
{[%clk 0:49:58]} 20. Rxf2 {[%clk 0:33:52]} Qf6 {[%clk 0:46:28]} 21. Nd5
{[%clk 0:31:08]} Qa6 {[%clk 0:45:22]} 22. Rb1 {[%clk 0:26:12]} Nxa3
{[%clk 0:40:36]} 23. Nxc7 {[%clk 0:26:29]} Qb6 {[%clk 0:03:32]} 24. Nxa8
{[%clk 0:26:26]} Qxf2 {[%clk 0:03:53]} 25. Qxa3 {[%clk 0:26:49]} Bf5
{[%clk 0:04:20]} 26. Rf1 {[%clk 0:27:04]} Qxe2 {[%clk 0:04:43]} 27. Qxa7
{[%clk 0:26:44]} Rc8 {[%clk 0:03:22]} 28. Rf2 {[%clk 0:18:20]} Qb5
{[%clk 0:00:42]} 29. a3 {[%clk 0:13:37]} h6 {[%clk 0:01:06]} 30. Nb6
{[%clk 0:13:07]} Rc6 {[%clk 0:01:08]} 31. Na4 {[%clk 0:13:14]} Ra6
{[%clk 0:00:52]} 32. Qb8+ {[%clk 0:13:38]} Kh7 {[%clk 0:01:17]} 33. Nc5
{[%clk 0:13:04]} Rxa3 {[%clk 0:01:26]} 34. Qxb7 {[%clk 0:13:05]} Qc4
{[%clk 0:01:08]} 35. Nd2 {[%clk 0:04:33]} Qd4 {[%clk 0:01:01]} 36. Nde4
{[%clk 0:03:55]} Qc4 {[%clk 0:00:37]} 37. Qe7 {[%clk 0:02:04]} Ra1
{[%clk 0:00:33]} 38. Nf6+ {[%clk 0:02:04]} Bxf6 {[%clk 0:00:36]} 39. Qxf6
{[%clk 0:02:29]} Ra7 {[%clk 0:00:50]} 40. Nb7 {[%clk 0:02:14]} Ra6
{[%clk 0:01:00]} 41. Nd6 {[%clk 0:02:21]} 1-0

[Event "Iran Chess Championship Semi Final 2015 "]
[Site "Rasht , Iran"]
[Date "2015.12.14"]
[Round "2"]
[Board "1"]
[White "Darini, Pouria"]
[Black "Noroozi, Omid"]
[Result "0-1"]
[WhiteElo "2500"]
[BlackElo "2380"]
[PlyCount "0"]
[EventDate "2015.12.13"]
[EventRounds "9"]
[EventCountry "IRI"]

1. e4 {[%clk 1:30:43]} c5 {[%clk 1:27:49]} 2. Nf3 {[%clk 1:31:03]} d6
{[%clk 1:28:14]} 3. d4 {[%clk 1:30:58]} cxd4 {[%clk 1:28:39]} 4. Nxd4
{[%clk 1:31:21]} Nf6 {[%clk 1:29:05]} 5. Nc3 {[%clk 1:31:42]} a6 {[%clk 1:29:32]}
6. Bg5 {[%clk 1:31:08]} e6 {[%clk 1:29:56]} 7. f4 {[%clk 1:30:26]} Nbd7
{[%clk 1:30:19]} 8. Qe2 {[%clk 1:30:14]} h6 {[%clk 1:15:11]} 9. Bh4
{[%clk 1:26:45]} g5 {[%clk 1:13:17]} 10. fxg5 {[%clk 1:26:31]} hxg5
{[%clk 1:10:49]} 11. Bxg5 {[%clk 1:26:53]} Qa5 {[%clk 1:11:13]} 12. h4
{[%clk 1:16:43]} Be7 {[%clk 0:44:57]} 13. O-O-O {[%clk 1:13:00]} Ne5
{[%clk 0:44:15]} 14. Qe1 {[%clk 1:00:57]} b5 {[%clk 0:18:24]} 15. Kb1
{[%clk 0:40:58]} b4 {[%clk 0:16:38]} 16. Nce2 {[%clk 0:40:31]} Bb7
{[%clk 0:13:54]} 17. a3 {[%clk 0:35:02]} Bxe4 {[%clk 0:09:05]} 18. axb4
{[%clk 0:34:00]} Qb6 {[%clk 0:09:19]} 19. Nc3 {[%clk 0:24:59]} Bg6
{[%clk 0:09:31]} 20. b5 {[%clk 0:22:41]} axb5 {[%clk 0:03:31]} 21. Bxb5+
{[%clk 0:22:10]} Kf8 {[%clk 0:03:30]} 22. Rf1 {[%clk 0:17:16]} Qa7
{[%clk 0:01:45]} 23. Nb3 {[%clk 0:09:01]} Kg7 {[%clk 0:02:14]} 24. Rd4
{[%clk 0:08:51]} Nd5 {[%clk 0:00:44]} 25. Ra4 {[%clk 0:06:21]} Qb7
{[%clk 0:00:56]} 26. Bxe7 {[%clk 0:05:28]} Nxc3+ {[%clk 0:00:38]} 27. Qxc3
{[%clk 0:05:56]} Qxb5 {[%clk 0:01:07]} 28. Bf6+ {[%clk 0:00:46]} Kh7
{[%clk 0:01:25]} 29. Raf4 {[%clk 0:00:34]} Rhc8 {[%clk 0:01:53]} 30. h5
{[%clk 0:00:32]} Bxc2+ {[%clk 0:00:47]} 31. Qxc2+ {[%clk 0:00:42]} Rxc2
{[%clk 0:01:15]} 32. Bxe5 {[%clk 0:00:52]} Rc7 {[%clk 0:01:17]} 33. Rxf7+
{[%clk 0:00:50]} Rxf7 {[%clk 0:01:42]} 34. Rxf7+ {[%clk 0:01:18]} Kg8
{[%clk 0:01:41]} 35. Rg7+ {[%clk 0:01:21]} Kf8 {[%clk 0:02:10]} 36. Bc3
{[%clk 0:01:02]} Qxb3 {[%clk 0:02:34]} 0-1

[Event "Iran Chess Championship Semi Final 2015 "]
[Site "Rasht , Iran"]
[Date "2015.12.14"]
[Round "2"]
[Board "2"]
[White "Ghaziolsharif, Kaveh"]
[Black "Tabatabaei, M.Amin"]
[Result "0-1"]
[WhiteElo "2260"]
[BlackElo "2482"]
[PlyCount "0"]
[EventDate "2015.12.13"]
[EventRounds "9"]
[EventCountry "IRI"]

1. e4 {[%clk 1:28:48]} e5 {[%clk 1:30:55]} 2. Nf3 {[%clk 1:28:54]} Nc6
{[%clk 1:31:20]} 3. Bc4 {[%clk 1:29:11]} Bc5 {[%clk 1:31:43]} 4. c3
{[%clk 1:29:23]} Nf6 {[%clk 1:32:06]} 5. d3 {[%clk 1:29:47]} d6 {[%clk 1:32:20]}
6. Bb3 {[%clk 1:30:09]} h6 {[%clk 1:32:36]} 7. h3 {[%clk 1:26:02]} a6
{[%clk 1:32:54]} 8. Nbd2 {[%clk 1:26:12]} Ba7 {[%clk 1:33:16]} 9. Nf1
{[%clk 1:26:16]} Be6 {[%clk 1:33:39]} 10. Ng3 {[%clk 1:03:40]} Qd7
{[%clk 1:33:42]} 11. Bxe6 {[%clk 1:03:23]} Qxe6 {[%clk 1:30:44]} 12. Nf5
{[%clk 1:00:53]} Rg8 {[%clk 1:10:00]} 13. c4 {[%clk 0:36:47]} O-O-O
{[%clk 1:06:23]} 14. O-O {[%clk 0:36:03]} Ne7 {[%clk 1:06:19]} 15. N3h4
{[%clk 0:34:27]} Ng6 {[%clk 0:56:44]} 16. Nf3 {[%clk 0:34:11]} d5
{[%clk 0:40:54]} 17. Qc2 {[%clk 0:14:14]} dxe4 {[%clk 0:26:29]} 18. dxe4
{[%clk 0:14:42]} Nf4 {[%clk 0:26:43]} 19. Bxf4 {[%clk 0:05:25]} exf4
{[%clk 0:27:09]} 20. Rfe1 {[%clk 0:05:42]} Nd7 {[%clk 0:09:23]} 21. b4
{[%clk 0:02:02]} Ne5 {[%clk 0:07:26]} 22. Nxe5 {[%clk 0:02:05]} Qxe5
{[%clk 0:07:55]} 23. c5 {[%clk 0:02:18]} Rh8 {[%clk 0:05:05]} 24. Rad1
{[%clk 0:02:04]} Rxd1 {[%clk 0:01:23]} 25. Rxd1 {[%clk 0:02:32]} g6
{[%clk 0:01:47]} 26. Qd3 {[%clk 0:00:56]} Bxc5 {[%clk 0:01:04]} 27. bxc5
{[%clk 0:00:41]} gxf5 {[%clk 0:01:29]} 28. exf5 {[%clk 0:00:39]} Qxc5
{[%clk 0:01:16]} 29. Qd7+ Kb8 30. Qxf7 {[%clk 0:00:35]} Rf8 {[%clk 0:01:38]} 31.
Qe6 {[%clk 0:00:34]} Qxf5 {[%clk 0:01:47]} 32. Qxh6 {[%clk 0:00:33]} Rg8
{[%clk 0:01:50]} 33. Qh4 {[%clk 0:00:35]} Ka7 {[%clk 0:01:42]} 34. Rd8
{[%clk 0:00:34]} Rg6 {[%clk 0:00:35]} 35. Qh8 {[%clk 0:00:47]} f3
{[%clk 0:00:36]} 36. Qd4+ {[%clk 0:00:58]} c5 {[%clk 0:00:53]} 37. Qd5
{[%clk 0:00:32]} Rxg2+ {[%clk 0:01:12]} 38. Kf1 {[%clk 0:00:36]} Qb1+
{[%clk 0:01:27]} 39. Qd1 {[%clk 0:00:57]} Rh2 {[%clk 0:01:19]} 0-1

[Event "Iran Chess Championship Semi Final 2015 "]
[Site "Rasht , Iran"]
[Date "2015.12.14"]
[Round "2"]
[Board "3"]
[White "Mosadeghpour, Masoud"]
[Black "Firouzja, Alireza"]
[Result "0-1"]
[WhiteElo "2479"]
[BlackElo "2372"]
[PlyCount "0"]
[EventDate "2015.12.13"]
[EventRounds "9"]
[EventCountry "IRI"]

1. d4 {[%clk 1:28:26]} Nf6 {[%clk 1:30:32]} 2. c4 {[%clk 1:28:01]} g6
{[%clk 1:30:52]} 3. f3 {[%clk 1:27:58]} Bg7 {[%clk 1:30:39]} 4. e4
{[%clk 1:28:17]} d6 {[%clk 1:31:03]} 5. Nc3 {[%clk 1:27:56]} O-O {[%clk 1:31:21]}
6. Be3 {[%clk 1:28:20]} Nc6 {[%clk 1:30:11]} 7. d5 {[%clk 1:24:43]} Ne5
{[%clk 1:26:12]} 8. g4 {[%clk 1:13:16]} c5 {[%clk 1:06:25]} 9. Be2
{[%clk 1:07:57]} Qb6 {[%clk 0:50:37]} 10. Rb1 {[%clk 1:01:12]} Qa6
{[%clk 0:47:57]} 11. Qb3 {[%clk 1:01:27]} e6 {[%clk 0:41:35]} 12. g5
{[%clk 0:39:34]} Ne8 {[%clk 0:29:12]} 13. f4 {[%clk 0:36:30]} exd5
{[%clk 0:26:57]} 14. Nxd5 {[%clk 0:36:57]} Nc6 {[%clk 0:26:44]} 15. Nf3
{[%clk 0:35:24]} f5 {[%clk 0:21:26]} 16. gxf6 {[%clk 0:17:37]} Nxf6
{[%clk 0:21:28]} 17. Nxf6+ {[%clk 0:17:49]} Bxf6 {[%clk 0:21:36]} 18. Rd1
{[%clk 0:14:34]} Qa5+ {[%clk 0:20:48]} 19. Kf2 {[%clk 0:14:17]} Nd4
{[%clk 0:18:25]} 20. Bxd4 {[%clk 0:12:54]} Bxd4+ {[%clk 0:18:43]} 21. Kg3
{[%clk 0:13:18]} Bg7 {[%clk 0:18:00]} 22. Rxd6 {[%clk 0:12:06]} Bh6
{[%clk 0:07:00]} 23. Ng5 {[%clk 0:12:09]} Bxg5 {[%clk 0:04:19]} 24. fxg5
{[%clk 0:12:16]} Qc7 {[%clk 0:04:45]} 25. Rhd1 {[%clk 0:10:26]} Qe7
{[%clk 0:04:38]} 26. Qe3 {[%clk 0:08:51]} Qe5+ {[%clk 0:04:31]} 27. Kg2
{[%clk 0:09:14]} Be6 {[%clk 0:03:07]} 28. R1d2 {[%clk 0:03:24]} Rae8
{[%clk 0:03:00]} 29. Qg3 {[%clk 0:03:14]} Rf4 {[%clk 0:01:24]} 30. b3
{[%clk 0:00:54]} Ref8 {[%clk 0:01:15]} 31. Bf3 {[%clk 0:00:34]} Rxf3
{[%clk 0:01:36]} 0-1

[Event "Iran Chess Championship Semi Final 2015 "]
[Site "Rasht , Iran"]
[Date "2015.12.14"]
[Round "2"]
[Board "4"]
[White "Lorparizangeneh, Shahin"]
[Black "Soozankar, A.M."]
[Result "1/2-1/2"]
[WhiteElo "2454"]
[BlackElo "2321"]
[PlyCount "0"]
[EventDate "2015.12.13"]
[EventRounds "9"]
[EventCountry "IRI"]

1. Nf3 {[%clk 1:30:31]} Nf6 {[%clk 1:29:22]} 2. c4 {[%clk 1:30:31]} g6
{[%clk 1:29:16]} 3. Nc3 {[%clk 1:30:50]} d5 {[%clk 1:29:43]} 4. cxd5
{[%clk 1:30:17]} Nxd5 {[%clk 1:30:08]} 5. h4 {[%clk 1:28:21]} Bg7
{[%clk 1:17:43]} 6. h5 {[%clk 1:25:36]} Nxc3 {[%clk 1:13:52]} 7. bxc3
{[%clk 1:26:01]} c5 {[%clk 1:13:40]} 8. g3 {[%clk 1:23:57]} Nc6 {[%clk 1:13:17]}
9. Bg2 {[%clk 1:22:41]} Qc7 {[%clk 1:09:26]} 10. Ng5 {[%clk 1:12:28]} h6
{[%clk 1:01:18]} 11. Ne4 {[%clk 1:10:24]} b6 {[%clk 1:01:34]} 12. f4
{[%clk 1:02:58]} g5 {[%clk 0:55:24]} 13. e3 {[%clk 0:52:50]} Bb7 {[%clk 0:48:28]}
14. fxg5 {[%clk 0:46:38]} hxg5 {[%clk 0:47:58]} 15. O-O {[%clk 0:47:01]} e6
{[%clk 0:39:10]} 16. g4 {[%clk 0:28:46]} Qe7 {[%clk 0:34:57]} 17. d4
{[%clk 0:27:04]} O-O {[%clk 0:24:59]} 18. h6 {[%clk 0:21:42]} Bh8
{[%clk 0:24:31]} 19. Ng3 {[%clk 0:20:59]} Rad8 {[%clk 0:21:37]} 20. Be4
{[%clk 0:16:37]} Be5 {[%clk 0:20:12]} 21. Qf3 {[%clk 0:13:05]} Bb8
{[%clk 0:12:24]} 22. Bb2 {[%clk 0:06:44]} f5 {[%clk 0:10:31]} 23. gxf5
{[%clk 0:06:11]} Qd6 {[%clk 0:10:21]} 24. h7+ {[%clk 0:05:08]} Kh8
{[%clk 0:10:39]} 25. c4 {[%clk 0:04:55]} cxd4 {[%clk 0:10:01]} 26. exd4
{[%clk 0:04:27]} Nxd4 {[%clk 0:10:29]} 27. Bxb7 {[%clk 0:04:23]} Rxf5
{[%clk 0:09:35]} 28. Qg2 {[%clk 0:01:41]} Qxg3 {[%clk 0:10:00]} 29. Qxg3
{[%clk 0:01:41]} Bxg3 {[%clk 0:10:28]} 30. Kg2 {[%clk 0:01:22]} Be5
{[%clk 0:10:22]} 31. Rae1 {[%clk 0:00:57]} Bg7 {[%clk 0:10:31]} 32. Be4
{[%clk 0:00:49]} Rxf1 {[%clk 0:10:16]} 33. Rxf1 {[%clk 0:01:13]} Nf5
{[%clk 0:10:38]} 34. Bxf5 {[%clk 0:01:08]} exf5 {[%clk 0:11:02]} 35. Bxg7+
{[%clk 0:01:35]} Kxg7 {[%clk 0:11:27]} 36. Rxf5 {[%clk 0:02:02]} Kxh7
{[%clk 0:08:01]} 37. Rf7+ {[%clk 0:02:26]} Kg6 {[%clk 0:08:27]} 38. Rxa7
{[%clk 0:02:51]} Kf5 {[%clk 0:07:56]} 39. Rf7+ {[%clk 0:01:50]} Kg4
{[%clk 0:07:59]} 40. Rf2 {[%clk 0:02:08]} Ra8 {[%clk 0:07:28]} 41. Rb2
{[%clk 0:02:13]} Ra4 {[%clk 0:07:49]} 42. Rxb6 {[%clk 0:02:08]} Rxa2+
{[%clk 0:08:14]} 43. Kg1 {[%clk 0:02:34]} Rc2 {[%clk 0:08:31]} 44. Rb4
{[%clk 0:02:29]} Kh3 {[%clk 0:08:21]} 45. Rb3+ {[%clk 0:02:50]} Kh4
{[%clk 0:08:24]} 46. c5 {[%clk 0:03:00]} 1/2-1/2

[Event "Iran Chess Championship Semi Final 2015 "]
[Site "Rasht , Iran"]
[Date "2015.12.14"]
[Round "2"]
[Board "5"]
[White "Khamisi, S Jafar"]
[Black "Maghsoodloo, Parham"]
[Result "0-1"]
[WhiteElo "2224"]
[BlackElo "2443"]
[PlyCount "0"]
[EventDate "2015.12.13"]
[EventRounds "9"]
[EventCountry "IRI"]

1. e4 {[%clk 1:28:59]} e5 {[%clk 1:30:02]} 2. Nf3 {[%clk 1:29:12]} Nc6
{[%clk 1:30:25]} 3. Bb5 {[%clk 1:29:37]} Nf6 {[%clk 1:30:49]} 4. d3
{[%clk 1:29:21]} Bc5 {[%clk 1:30:51]} 5. Bxc6 {[%clk 1:23:50]} dxc6
{[%clk 1:31:12]} 6. h3 {[%clk 1:24:18]} O-O {[%clk 1:31:35]} 7. O-O
{[%clk 1:23:18]} Re8 {[%clk 1:31:29]} 8. Nbd2 {[%clk 1:21:47]} Nd7
{[%clk 1:31:46]} 9. Nc4 {[%clk 1:20:31]} f6 {[%clk 1:31:54]} 10. Be3
{[%clk 1:20:15]} Qe7 {[%clk 1:30:52]} 11. a3 {[%clk 1:17:56]} Nf8
{[%clk 1:31:13]} 12. b4 {[%clk 1:14:52]} Bxe3 {[%clk 1:29:58]} 13. fxe3
{[%clk 1:14:30]} b6 {[%clk 1:30:18]} 14. Qb1 {[%clk 1:02:40]} Be6
{[%clk 1:29:44]} 15. Ncd2 {[%clk 1:02:26]} a5 {[%clk 1:30:13]} 16. Qb2
{[%clk 1:02:15]} Ra7 {[%clk 1:27:05]} 17. Qc3 {[%clk 0:56:40]} Rea8
{[%clk 1:26:10]} 18. Nb3 {[%clk 0:55:38]} Bxb3 {[%clk 1:23:43]} 19. Qxb3+
{[%clk 0:56:03]} Qe6 {[%clk 1:24:07]} 20. Qc3 {[%clk 0:52:37]} Ng6
{[%clk 1:24:21]} 21. Nd2 {[%clk 0:52:33]} Ne7 {[%clk 1:24:48]} 22. Nc4
{[%clk 0:52:15]} Nc8 {[%clk 1:24:54]} 23. Nd2 {[%clk 0:31:45]} Kf7
{[%clk 1:03:13]} 24. Rae1 {[%clk 0:24:25]} axb4 {[%clk 1:02:18]} 25. axb4
{[%clk 0:23:05]} Ra3 {[%clk 1:01:13]} 26. Nb3 {[%clk 0:23:19]} Na7
{[%clk 0:52:09]} 27. d4 {[%clk 0:11:13]} Nb5 {[%clk 0:52:25]} 28. Qd3
{[%clk 0:11:36]} Nd6 {[%clk 0:52:04]} 29. Qd1 {[%clk 0:02:57]} Kg8
{[%clk 0:51:06]} 30. dxe5 {[%clk 0:01:04]} Qxe5 {[%clk 0:50:18]} 31. Rf4
{[%clk 0:00:37]} Qc3 {[%clk 0:48:47]} 32. Qe2 {[%clk 0:00:39]} Nc4
{[%clk 0:48:14]} 33. Nd4 {[%clk 0:00:52]} Nxe3 {[%clk 0:47:49]} 34. Ne6
{[%clk 0:00:38]} Qe5 {[%clk 0:46:07]} 35. Qf2 {[%clk 0:00:32]} Nxg2
{[%clk 0:44:18]} 36. Qxg2 {[%clk 0:00:38]} Qxe6 {[%clk 0:44:46]} 37. Rg4
{[%clk 0:00:36]} g6 {[%clk 0:45:15]} 38. Rf1 {[%clk 0:00:33]} Ra1
{[%clk 0:45:44]} 39. h4 {[%clk 0:00:31]} Rxf1+ {[%clk 0:45:23]} 40. Kxf1
{[%clk 0:00:58]} f5 {[%clk 0:45:13]} 41. Rf4 {[%clk 0:00:50]} Ra1+
{[%clk 0:45:26]} 42. Kf2 {[%clk 0:01:06]} Qd6 {[%clk 0:45:33]} 0-1

[Event "Iran Chess Championship Semi Final 2015 "]
[Site "Rasht , Iran"]
[Date "2015.12.14"]
[Round "2"]
[Board "6"]
[White "Mousavi, Seyed Khalil"]
[Black "Asgharzadeh, M.Reza"]
[Result "0-1"]
[WhiteElo "2434"]
[BlackElo "2278"]
[PlyCount "0"]
[EventDate "2015.12.13"]
[EventRounds "9"]
[EventCountry "IRI"]

1. c4 {[%clk 1:28:45]} c5 {[%clk 1:28:15]} 2. Nc3 {[%clk 1:27:48]} Nc6
{[%clk 1:28:37]} 3. g3 {[%clk 1:27:05]} g6 {[%clk 1:28:42]} 4. Bg2
{[%clk 1:27:10]} Bg7 {[%clk 1:29:02]} 5. Nf3 {[%clk 1:26:11]} Nf6
{[%clk 1:27:25]} 6. O-O {[%clk 1:25:40]} O-O {[%clk 1:27:46]} 7. d4
{[%clk 1:24:40]} cxd4 {[%clk 1:22:49]} 8. Nxd4 {[%clk 1:24:50]} Ng4
{[%clk 1:22:36]} 9. e3 {[%clk 1:18:25]} Nge5 {[%clk 1:21:50]} 10. b3
{[%clk 1:13:00]} d6 {[%clk 1:21:17]} 11. Bb2 {[%clk 1:10:46]} Bg4
{[%clk 1:18:28]} 12. f3 {[%clk 1:08:03]} Bd7 {[%clk 1:18:46]} 13. Kh1
{[%clk 1:03:13]} a6 {[%clk 1:04:57]} 14. Nd5 {[%clk 0:58:44]} b5 {[%clk 0:54:25]}
15. f4 {[%clk 0:53:42]} Nxd4 {[%clk 0:53:45]} 16. Qxd4 {[%clk 0:50:28]} bxc4
{[%clk 0:52:52]} 17. fxe5 {[%clk 0:47:54]} Bxe5 {[%clk 0:52:28]} 18. Qd2
{[%clk 0:47:56]} Bxb2 {[%clk 0:52:36]} 19. Qxb2 {[%clk 0:48:21]} Rb8
{[%clk 0:52:14]} 20. Rac1 {[%clk 0:44:47]} cxb3 {[%clk 0:51:49]} 21. axb3
{[%clk 0:44:59]} f5 {[%clk 0:51:22]} 22. Rfd1 {[%clk 0:43:50]} e6
{[%clk 0:49:11]} 23. Nf4 {[%clk 0:42:47]} Rb6 {[%clk 0:48:57]} 24. Qc3
{[%clk 0:39:57]} Rf7 {[%clk 0:41:40]} 25. Qc4 {[%clk 0:36:33]} Qe8
{[%clk 0:33:06]} 26. Qc7 {[%clk 0:29:49]} Rxb3 {[%clk 0:32:38]} 27. Qxd6
{[%clk 0:29:31]} Rxe3 {[%clk 0:31:10]} 28. Rb1 {[%clk 0:28:05]} Rc3
{[%clk 0:26:01]} 29. Re1 {[%clk 0:25:11]} Qf8 {[%clk 0:18:13]} 30. Qxa6
{[%clk 0:24:08]} Qc8 {[%clk 0:08:24]} 31. Qd6 {[%clk 0:18:09]} Qc5
{[%clk 0:05:47]} 32. Rb8+ {[%clk 0:15:57]} Kg7 {[%clk 0:06:15]} 33. Qd2
{[%clk 0:16:07]} h6 {[%clk 0:04:55]} 34. Qb2 {[%clk 0:11:15]} Kh7
{[%clk 0:03:32]} 35. Ne2 {[%clk 0:11:07]} Qe5 {[%clk 0:03:59]} 36. Qxc3
{[%clk 0:07:28]} Qxb8 {[%clk 0:04:27]} 37. Nf4 {[%clk 0:07:50]} Qd6
{[%clk 0:03:21]} 38. Bf3 {[%clk 0:06:34]} g5 {[%clk 0:02:21]} 39. Nd3
{[%clk 0:06:06]} Bb5 {[%clk 0:02:35]} 40. Ne5 {[%clk 0:05:28]} Rc7
{[%clk 0:03:01]} 41. Qb2 {[%clk 0:05:49]} Ba4 {[%clk 0:01:09]} 42. Qb8
{[%clk 0:05:10]} g4 {[%clk 0:00:47]} 43. Nf7 {[%clk 0:04:09]} Qd2
{[%clk 0:00:36]} 44. Qh8+ {[%clk 0:03:49]} Kg6 {[%clk 0:01:05]} 45. Ne5+
{[%clk 0:00:56]} Kh5 {[%clk 0:01:32]} 46. Rg1 {[%clk 0:00:34]} Rc1
{[%clk 0:00:47]} 47. h3 {[%clk 0:00:33]} Rxg1+ {[%clk 0:00:41]} 48. Kxg1
{[%clk 0:01:02]} Qe3+ {[%clk 0:00:35]} 49. Kh2 {[%clk 0:01:10]} gxf3
{[%clk 0:00:57]} 50. g4+ {[%clk 0:01:06]} Kg5 {[%clk 0:00:34]} 51. Nf7+
{[%clk 0:00:35]} Kg6 {[%clk 0:00:35]} 52. Ne5+ {[%clk 0:00:53]} Kg5
{[%clk 0:00:59]} 53. Nf7+ {[%clk 0:00:41]} Kg6 {[%clk 0:01:28]} 54. Ne5+
{[%clk 0:01:03]} Kg5 {[%clk 0:01:54]} 55. Qd8+ {[%clk 0:00:40]} Kf4
{[%clk 0:01:58]} 56. Ng6+ {[%clk 0:01:05]} Ke4 {[%clk 0:02:17]} 57. Qa8+
{[%clk 0:01:32]} Kd3 {[%clk 0:02:23]} 58. Qa6+ {[%clk 0:01:58]} Kd2
{[%clk 0:02:04]} 59. Kg3 {[%clk 0:00:40]} Qg1+ {[%clk 0:01:13]} 60. Kh4
{[%clk 0:00:34]} Qe1+ {[%clk 0:01:17]} 61. Kh5 {[%clk 0:01:00]} f2
{[%clk 0:01:02]} 62. Qa5+ {[%clk 0:00:37]} Kc1 {[%clk 0:00:57]} 63. Qxa4
{[%clk 0:00:48]} f1=Q {[%clk 0:01:13]} 64. Qa1+ {[%clk 0:01:13]} Kc2
{[%clk 0:01:22]} 65. Qa2+ {[%clk 0:01:38]} Kc3 {[%clk 0:01:45]} 66. Qa3+
{[%clk 0:02:00]} Kd4 {[%clk 0:02:03]} 67. Qd6+ {[%clk 0:02:24]} Kc3
{[%clk 0:02:09]} 68. Qa3+ {[%clk 0:02:28]} Kd2 {[%clk 0:01:39]} 69. Qb2+
{[%clk 0:02:05]} Ke3 {[%clk 0:02:04]} 70. Qe5+ {[%clk 0:00:36]} Kf2
{[%clk 0:02:31]} 0-1